Orientaciones Psicipedagógicas para el Mejoramiento de la Práctica Educativa, jornada de capacitación verano 98 (Record no. 9010)
[ view plain ]
| 000 -LEADER | |
|---|---|
| campo de control de longitud fija | 00473nam a2200133Ia 4500 |
| 001 - NÚMERO DE CONTROL | |
| campo de control | 998 |
| 008 - DATOS DE LONGITUD FIJA--INFORMACIÓN GENERAL | |
| campo de control de longitud fija | 241024s9999 xx 000 0 und d |
| 082 ## - NÚMERO DE LA CLASIFICACIÓN DECIMAL DEWEY | |
| Número de clasificación | RD/370.97293/R426o |
| 100 ## - ENTRADA PRINCIPAL--NOMBRE DE PERSONA | |
| Nombre de persona | República Dominicana.Secretaría de Estado de Educación y Cultura |
| 245 #0 - MENCIÓN DEL TÍTULO | |
| Título | Orientaciones Psicipedagógicas para el Mejoramiento de la Práctica Educativa, jornada de capacitación verano 98 |
| 260 ## - PUBLICACIÓN, DISTRIBUCIÓN, ETC. | |
| Nombre del editor, distribuidor, etc. | Ed. Alfa y Omega |
| Fecha de publicación, distribución, etc. | 1998 |
| 901 ## - ELEMENTOS DE DATOS A LOCAL LDA (RLIN) | |
| a | 22/12/2010 11:57:16 a.m. |
No items available.